logo

Bir Sreshtho Munshi Abdur Rouf Library
Jhenaidah Cadet College

বিস্ময়কর মিশর / (Record no. 14512)

MARC details
000 -LEADER
fixed length control field 00922nam a22002297a 4500
001 - CONTROL NUMBER
JCCL Control Number 14512
003 - CONTROL NUMBER IDENTIFIER
JCCL marc code BD-JhCC
005 - DATE AND TIME OF LATEST TRANSACTION
control field 20260127110712.0
008 - FIXED-LENGTH DATA ELEMENTS--GENERAL INFORMATION
fixed length control field 260127b |||||||| |||| 00| 0 eng d
020 ## - INTERNATIONAL STANDARD BOOK NUMBER
International Standard Book Number 9789849448280
035 ## - SYSTEM CONTROL NUMBER
system control number (BD-JhCC) 14512
040 ## - CATALOGING SOURCE
Original cataloging agency BD-JhCC
Modifying agency BD-JhCC
041 ## - LANGUAGE CODE
Language code of Book bangla
082 ## - DEWEY DECIMAL CLASSIFICATION NUMBER
DDC Edition number 23
Classification number 916.2
Author mark and Year SUL 2021
100 ## - MAIN ENTRY--PERSONAL NAME
Personal name সুলতানা, ইয়াসমিন
245 ## - TITLE STATEMENT
Title বিস্ময়কর মিশর /
Statement of responsibility, etc ইয়াসমিন সুলতানা
246 ## - VARYING FORM OF TITLE
Title proper/short title Bissoykor Mishor
260 ## - PUBLICATION, DISTRIBUTION, ETC. (IMPRINT)
Place of publication, distribution, etc ঢাকাঃ
Name of publisher, distributor, etc রোদেলা,
Date of publication, distribution, etc ২০২১
300 ## - PHYSICAL DESCRIPTION
Pagination ১৪৪ পৃ.;
Other physical details চিত্রাবলী সংযোজিত,
Dimensions ২২ সেমি.
Accompanying material পেপার বাইণ্ডিং
650 ## - SUBJECT ADDED ENTRY--TOPICAL TERM
Topical term or geographic name as entry element ভ্রমণ, স্থানবর্ণনা, ইতিহাস ও সভ্যতার মিশ্রণ - মিশর
942 ## - ADDED ENTRY ELEMENTS (KOHA)
Source of classification or shelving scheme Dewey Decimal Classification
Koha item type Books
Holdings
Source of classification or shelving scheme Damaged status Not for loan Collection code Home library Current library Shelving location Date of accession Cost, normal purchase price Total Checkouts Full call number Barcode Date last seen Copy number Method of acquisition Koha item type Currency Checked out Date checked out
Dewey Decimal Classification     Non-fiction JCC Rouf Library JCC Rouf Library General Stacks 01/27/2026 316.00   916.2 SUL 2021 20411 01/27/2026 C-1 Purchase Books BDT    
Dewey Decimal Classification     Non-fiction JCC Rouf Library JCC Rouf Library General Stacks 01/27/2026 316.00 1 916.2 SUL 2021 20412 01/29/2026 C-2 Purchase Books BDT 02/24/2026 01/29/2026

JCC Library | Contacts | JCC Home

Last Update on 23 September 2017
Copyright @ 2017-2020 JCC Rouf Library
Rouf Library, Jhenidah Cadet College (JCC), Bangladesh